| 000 | 00693cam a2200289 4500 | ||
|---|---|---|---|
| 008 | 090401t1987 xxu||||| |||| 00| 0 eng d | ||
| 020 | _a0632018224 | ||
| 035 | _a(Sirsi) u18780 | ||
| 041 | _aeng | ||
| 050 | _a630 | ||
| 100 | _aHaines, Michael | ||
| 245 | _aDiversifying the farm business | ||
| 260 |
_aOxford _bBSP Professional Books _c1987 |
||
| 300 | _a304p. : ill. ; 24cm. | ||
| 350 | _a12.95 | ||
| 650 | _aALTERNATIVE ENTERPRISES | ||
| 650 | _aDAIRY PRODUCTS | ||
| 650 | _aDEER | ||
| 650 | _aFARM SHOPS | ||
| 650 | _aFARM WOODLANDS | ||
| 650 | _aFARMING | ||
| 650 | _aLEISURE | ||
| 650 | _aTOURISM | ||
| 700 | _aDavies, Ruth | ||
| 942 | _n0 | ||
| 948 | _c04/03/1997 | ||
| 999 |
_c87622 _d87622 |
||